Pohjois-Karjalan kunnat kartalla - Statistics

Yleistilastot
  • Tätä visaa on pelattu 11 924 kertaa
  • Keskiarvotulos 9 / 13
Vastaukset kartalla
Vastauksille on annettu kartalla punavihreä väri sen mukaan, kuinka moni on saanut sen oikein.
 
Vastaustilastot
Vaakuna Väkiluku Kunta % Oikein
v 78 0764 Joensuu
98%
v 4 372 Ilomantsi
82%
v 10 073 Lieksa
80%
v 9 576 Kitee
74%
v 9 003 Nurmes
73%
v 6 440 Outokumpu
70%
v 15 048 Kontiolahti
68%
v 11 956 Liperi
65%
v 3 993 Tohmajärvi
62%
v 4 158 Juuka
61%
v 2 938 Heinävesi
60%
v 1 879 Rääkkylä
57%
v 4 002 Polvijärvi
55%
Ehtoja vastaavia visoja ei löytynyt
Tulosjakauma
Jokaisen tuloksen saaneiden osuus
Persentiili vastausten määrän mukaan
Tuloshistoriasi
Et ole pelannut tätä visaa